000
00341nam a2200145Ia 4500
008
191201s2006 xx 000 0 und d
082
_a
530
_b
PRE
100
_a
PRAKASH,Satya
245
0
_a
Engineering Physics
250
_a
4th
260
_a
Meerut
_b
Pragati Prakashan Meerut
_c
2006
300
_a
296
650
_a
Applied
942
_2
ddc
_c
BK
_0
1
999
_c
667
_d
667